[Event "Fort Lauderdale 1000 GM IM 11"]
[Site "Fort Lauderdale"]
[Date "2023.11.06"]
[Round "8.4"]
[White "Escobar Forero, Alder"]
[Black "Hernandez Gonzalez, William"]
[Result "0-1"]
[WhiteElo "2450"]
[BlackElo "2487"]
[PlyCount "100"]
[EventDate "2023.11.02"]
[EventType "tourn"]
[EventRounds "9"]
[EventCountry "USA"]
[SourceTitle "CB46_2023"]
[SourceDate "2023.11.15"]
[SourceVersion "1"]
[SourceVersionDate "2023.11.15"]
[SourceQuality "1"]

1. e4 c5 2. Nf3 d6 3. d4 cxd4 4. Nxd4 Nf6 5. Nc3 g6 6. Be3 a6 7. Qd2 Bg7 8. Be2 Nbd7 9. 0-0 0-0 10. h3 Re8 11. Bh6 Bxh6 12. Qxh6 b5 13. Bd3 Bb7 14. Rae1 b4 15. Nce2 e5 16. Nf3 Bxe4 17. Ng5 Bxd3 18. cxd3 Nf8 19. f4 exf4 20. Rxf4 Ne6 21. Nxe6 Rxe6 22. Ref1 Rxe2 23. Rxf6 Qb6+ 24. Kh1 Qc6 25. R1f3 Rc8 26. Rxf7 Qc1+ 27. Qxc1 Rxc1+ 28. Kh2 Rcc2 29. Rf8+ Kg7 30. R8f7+ Kh6 31. Rg3 Rxb2 32. Rg4 Re5 33. Rh4+ Rh5 34. Rc4 a5 35. Rcc7 Rc5 36. Rxh7+ Kg5 37. h4+ Kg4 38. Rcg7 g5 39. Rh6 Rxa2 40. Rxd6 Kxh4 41. Rd4+ Kh5 42. Kh3 Re5 43. Rh7+ Kg6 44. Rb7 Kf5 45. Rf7+ Ke6 46. Rdd7 Rd5 47. Rfe7+ Kf6 48. Rxd5 Kxe7 49. Rxg5 b3 50. Rb5 b2 0-1

[Event "Titled Tuesday intern op 26th Sep Late"]
[Site "Chess.com INT"]
[Date "2023.09.26"]
[Round "5"]
[White "Hernandez Gonzalez, William"]
[Black "Iturrizaga Bonelli, Eduardo"]
[Result "0-1"]
[WhiteElo "2487"]
[BlackElo "2615"]
[PlyCount "88"]
[EventDate "2023.09.26"]
[EventType "swiss (blitz)"]
[EventRounds "11"]
[EventCountry "USA"]
[SourceTitle "EXT 2024"]
[Source "ChessBase"]
[SourceDate "2023.10.10"]
[SourceVersion "1"]
[SourceVersionDate "2023.10.10"]
[SourceQuality "1"]

1. e4 c5 2. Nf3 e6 3. d4 cxd4 4. Nxd4 a6 5. g3 h5 6. h3 Ne7 7. Bg2 Ng6 8. h4 Bc5 9. c3 Qc7 10. Be3 b5 11. Nd2 Bb7 12. Qe2 Ne5 13. Nc2 d6 14. 0-0-0 Nbd7 15. f4 Ng4 16. Bxc5 Nxc5 17. Bf3 Nf2 18. Kb1 Nxh1 19. Bxh1 g6 20. Nd4 e5 21. Nc2 0-0-0 22. Nb4 exf4 23. gxf4 Rhe8 24. Qe3 f5 25. Qh3 Kb8 26. exf5 Bc8 27. Nc6+ Qxc6 28. Bxc6 Bxf5+ 29. Qxf5 gxf5 30. Bxe8 Rxe8 31. Nb3 Ne4 32. Rd5 Ng3 33. Nd4 Re1+ 34. Kc2 Rh1 35. Nxf5 Rh2+ 36. Kb3 Ne2 37. Rxd6 Nxf4 38. Rxa6 Nd3 39. Rb6+ Kc7 40. Rxb5 Rxb2+ 41. Kc4 Rd2 42. Rd5 Nb2+ 43. Kc5 Na4+ 44. Kc4 Nb6+ 0-1

[Event "Titled Tuesday intern op 26th Sep Late"]
[Site "Chess.com INT"]
[Date "2023.09.26"]
[Round "9"]
[White "Hernandez Gonzalez, William"]
[Black "Osmak, Iulija"]
[Result "1-0"]
[WhiteElo "2487"]
[BlackElo "2449"]
[PlyCount "79"]
[EventDate "2023.09.26"]
[EventType "swiss (blitz)"]
[EventRounds "11"]
[EventCountry "USA"]
[SourceTitle "EXT 2024"]
[Source "ChessBase"]
[SourceDate "2023.10.10"]
[SourceVersion "1"]
[SourceVersionDate "2023.10.10"]
[SourceQuality "1"]

1. e4 c5 2. Nf3 Nc6 3. d4 cxd4 4. Nxd4 Nf6 5. Nc3 e5 6. Ndb5 d6 7. Bg5 a6 8. Na3 b5 9. Nd5 Be7 10. Bxf6 Bxf6 11. c4 b4 12. Nc2 Rb8 13. b3 0-0 14. g3 Be6 15. Bg2 g6 16. 0-0 Bg7 17. Qd3 a5 18. Rad1 Qd7 19. Kh1 Rbd8 20. Nde3 Qe7 21. f4 exf4 22. gxf4 Qh4 23. Qe2 Bc8 24. e5 dxe5 25. Bxc6 exf4 26. Ng2 Qf6 27. Bd5 g5 28. Nd4 Rde8 29. Qf2 Qg6 30. Rg1 Qf6 31. Rd2 h6 32. Qf3 Bf5 33. Nxf5 Qxf5 34. Nxf4 gxf4 35. Rdg2 Qf6 36. Rxg7+ Qxg7 37. Rxg7+ Kxg7 38. Qxf4 f6 39. Qg4+ Kh8 40. Qg6 1-0

[Event "Titled Tuesday intern op 12th Sep Early"]
[Site "Chess.com INT"]
[Date "2023.09.12"]
[Round "6"]
[White "Smieszek, Wojciech"]
[Black "Hernandez Gonzalez, William"]
[Result "1-0"]
[WhiteElo "2118"]
[BlackElo "2487"]
[PlyCount "71"]
[EventDate "2023.09.12"]
[EventType "swiss (blitz)"]
[EventRounds "11"]
[EventCountry "USA"]
[SourceTitle "EXT 2024"]
[Source "ChessBase"]
[SourceDate "2023.10.10"]
[SourceVersion "1"]
[SourceVersionDate "2023.10.10"]
[SourceQuality "1"]

1. e4 c5 2. Nf3 d6 3. d4 cxd4 4. Nxd4 Nf6 5. Nc3 g6 6. Be3 a6 7. f3 b5 8. Qd2 Bb7 9. h4 h5 10. 0-0-0 Nbd7 11. Kb1 Bg7 12. Bg5 Rc8 13. Nd5 Nxd5 14. exd5 Nf6 15. g4 Bxd5 16. gxh5 Rxh5 17. Bh3 Rc5 18. Bg4 Nxg4 19. fxg4 Rxg5 20. hxg5 Bxh1 21. Rxh1 Rd5 22. c3 Bxd4 23. cxd4 Qb6 24. Rh8+ Kd7 25. Qc3 Qc6 26. Rd8+ Kxd8 27. Qxc6 e6 28. Qxa6 Ke7 29. Qb6 Rxg5 30. Qc7+ Kf6 31. Qxd6 Rxg4 32. Qe5+ Ke7 33. Qxb5 Rxd4 34. Qc5+ Rd6 35. a4 f5 36. a5 1-0

[Event "Titled Tuesday intern op 05th Sep Late"]
[Site "Chess.com INT"]
[Date "2023.09.05"]
[Round "4"]
[White "Estrada Nieto, Julian"]
[Black "Hernandez Gonzalez, William"]
[Result "0-1"]
[WhiteElo "2212"]
[BlackElo "2487"]
[PlyCount "86"]
[EventDate "2023.09.05"]
[EventType "swiss (blitz)"]
[EventRounds "11"]
[EventCountry "USA"]
[SourceTitle "EXT 2024"]
[Source "ChessBase"]
[SourceDate "2023.10.10"]
[SourceVersion "1"]
[SourceVersionDate "2023.10.10"]
[SourceQuality "1"]

1. e4 c5 2. Nf3 e6 3. c3 Nc6 4. Bb5 Nge7 5. 0-0 a6 6. Ba4 b5 7. Bc2 d5 8. e5 Ng6 9. d4 Bb7 10. Re1 Be7 11. dxc5 Bxc5 12. Be3 Be7 13. Bd4 0-0 14. Nbd2 Nxd4 15. cxd4 a5 16. Rc1 a4 17. Bd3 Qb6 18. g3 Rfc8 19. Qe2 b4 20. h4 Nf8 21. Qe3 h6 22. Qf4 Ba6 23. Bb1 b3 24. a3 Qa5 25. Nh2 Rxc1 26. Rxc1 Rc8 27. Rxc8 Bxc8 28. Ng4 Qc7 29. Nf3 Ba6 30. Qd2 Nd7 31. Kg2 Kf8 32. Ne1 Ke8 33. Nd3 Qb6 34. Nf4 Nb8 35. Nh5 Bf8 36. Qc3 Nc6 37. Ngf6+ gxf6 38. Nxf6+ Kd8 39. Qe3 Qxd4 40. Qf3 Nxe5 41. Qh5 Be7 42. Ng8 Bd3 43. Bxd3 Nxd3 0-1

[Event "Titled Tuesday intern op 05th Sep Early"]
[Site "Chess.com INT"]
[Date "2023.09.05"]
[Round "6"]
[White "Hernandez Gonzalez, William"]
[Black "Aghasiyev, Kamal"]
[Result "1-0"]
[WhiteElo "2487"]
[BlackElo "2441"]
[PlyCount "37"]
[EventDate "2023.09.05"]
[EventType "swiss (blitz)"]
[EventRounds "11"]
[EventCountry "USA"]
[SourceTitle "EXT 2024"]
[Source "ChessBase"]
[SourceDate "2023.10.10"]
[SourceVersion "1"]
[SourceVersionDate "2023.10.10"]
[SourceQuality "1"]

1. e4 e5 2. Nf3 Nc6 3. Bc4 Bc5 4. c3 Nf6 5. d4 exd4 6. b4 Bb6 7. e5 d5 8. exf6 dxc4 9. Qe2+ Be6 10. b5 Nb8 11. fxg7 Rg8 12. cxd4 Rxg7 13. 0-0 c6 14. Bb2 Rg8 15. Nc3 Qd6 16. Ne4 Qf4 17. d5 cxd5 18. Nf6+ Kf8 19. Ba3+ 1-0

[Event "Titled Tuesday intern op 05th Sep Late"]
[Site "Chess.com INT"]
[Date "2023.09.05"]
[Round "1"]
[White "Hernandez Gonzalez, William"]
[Black "Evdokimov, Alexey2222"]
[Result "1-0"]
[WhiteElo "2487"]
[BlackElo "2227"]
[PlyCount "129"]
[EventDate "2023.09.05"]
[EventType "swiss (blitz)"]
[EventRounds "11"]
[EventCountry "USA"]
[SourceTitle "EXT 2024"]
[Source "ChessBase"]
[SourceDate "2023.10.10"]
[SourceVersion "1"]
[SourceVersionDate "2023.10.10"]
[SourceQuality "1"]

1. e4 e6 2. d4 d5 3. Nc3 Nf6 4. e5 Nfd7 5. Nce2 c5 6. c3 Nc6 7. Nf3 b5 8. Nf4 b4 9. Bb5 Bb7 10. 0-0 Be7 11. Be3 Rc8 12. Nh5 g6 13. Ng3 h5 14. Ne2 Qa5 15. Bd3 bxc3 16. bxc3 cxd4 17. cxd4 Nb4 18. Bd2 Qa3 19. Bxb4 Bxb4 20. Nf4 Rg8 21. h4 Ba6 22. Bxa6 Qxa6 23. Rc1 Ke7 24. Rb1 Ba5 25. Ng5 Bb6 26. Qf3 Rg7 27. Rfd1 Rc2 28. a3 Qc4 29. Rb4 Qc3 30. Rd3 Qa1+ 31. Kh2 Rc1 32. Kg3 Qa2 33. Rbb3 Rc2 34. Rbc3 Ba5 35. Rxc2 Qxc2 36. Rb3 Qc7 37. Qd3 Bb6 38. Rb2 Rg8 39. Rc2 Qb7 40. Qf3 Rg7 41. Kh2 Kf8 42. Rc3 Kg8 43. Rd3 Qc8 44. Qh3 Qd8 45. Nfxe6 fxe6 46. Nxe6 Qe7 47. Nxg7 Kxg7 48. Qe3 Nf8 49. g3 Ne6 50. Qf3 Qf7 51. Qxf7+ Kxf7 52. f4 Nxd4 53. Kg2 Nf5 54. Kf3 Ke6 55. a4 d4 56. Rb3 Kd5 57. Rb5+ Kc4 58. e6 d3 59. Rxf5 gxf5 60. e7 d2 61. Ke2 Kc3 62. e8Q Kc2 63. Qc6+ Bc5 64. Qxc5+ Kb2 65. Kxd2 1-0

[Event "Speed Chess Q2 Sw"]
[Site "Chess.com INT"]
[Date "2023.08.23"]
[Round "7"]
[White "Sjugirov, Sanan"]
[Black "Hernandez Gonzalez, William"]
[Result "1-0"]
[WhiteElo "2705"]
[BlackElo "2489"]
[PlyCount "103"]
[EventDate "2023.08.23"]
[EventType "swiss (blitz)"]
[EventRounds "14"]
[EventCountry "USA"]
[SourceTitle "CBM 215 Extra"]
[Source "ChessBase"]
[SourceDate "2023.09.30"]
[SourceVersion "1"]
[SourceVersionDate "2023.09.30"]
[SourceQuality "1"]

1. c4 c5 2. g3 Nf6 3. Bg2 g6 4. Nc3 Bg7 5. e4 Nc6 6. Nge2 d6 7. 0-0 0-0 8. d3 Rb8 9. h3 a6 10. a4 Nd7 11. Be3 Nd4 12. f4 e6 13. Bf2 Nxe2+ 14. Qxe2 b6 15. Qd2 Bb7 16. d4 Qe7 17. Rad1 Rfd8 18. d5 e5 19. f5 f6 20. h4 Bc8 21. g4 g5 22. Bf3 h6 23. Kg2 Kf7 24. Rh1 Bb7 25. Rh2 Rh8 26. Rdh1 Rbg8 27. a5 Qd8 28. axb6 Qxb6 29. Qc2 Rb8 30. b3 a5 31. Ra1 Ba6 32. Bd1 Bc8 33. Be1 gxh4 34. Rxh4 Nf8 35. Nb5 Ra8 36. Qd2 Bd7 37. Rxa5 Nh7 38. Qa2 Rxa5 39. Qxa5 Qxa5 40. Bxa5 Bxb5 41. cxb5 Ng5 42. Bc7 Ke7 43. b6 Kd7 44. Be2 Ra8 45. Bb5+ Kc8 46. b7+ Kxb7 47. Bc6+ Kxc7 48. Bxa8 Nxe4 49. Rh1 Bf8 50. Ra1 Kb6 51. Bc6 Be7 52. Ra8 1-0

[Event "Speed Chess Q2 Sw"]
[Site "Chess.com INT"]
[Date "2023.08.23"]
[Round "3"]
[White "Xiong, Jeffery"]
[Black "Hernandez Gonzalez, William"]
[Result "0-1"]
[WhiteElo "2693"]
[BlackElo "2489"]
[PlyCount "152"]
[EventDate "2023.08.23"]
[EventType "swiss (blitz)"]
[EventRounds "14"]
[EventCountry "USA"]
[SourceTitle "CBM 215 Extra"]
[Source "ChessBase"]
[SourceDate "2023.09.30"]
[SourceVersion "1"]
[SourceVersionDate "2023.09.30"]
[SourceQuality "1"]

1. d4 Nf6 2. Nf3 e6 3. Bf4 Bd6 4. Bg3 Bxg3 5. hxg3 h6 6. e3 b6 7. Bd3 Bb7 8. Nbd2 d5 9. c3 Nbd7 10. a4 a5 11. Qe2 Qe7 12. e4 dxe4 13. Nxe4 Nxe4 14. Bxe4 Bxe4 15. Qxe4 0-0 16. 0-0 c5 17. Rfd1 cxd4 18. Nxd4 Nc5 19. Qf3 Rac8 20. Nb5 Rfd8 21. Nd4 Rd5 22. b4 axb4 23. cxb4 Nxa4 24. Rxa4 Rcd8 25. b5 e5 26. Ra8 Rxd4 27. Rda1 Rxa8 28. Rxa8+ Rd8 29. Ra6 Qc5 30. Qe3 Qxe3 31. fxe3 Rd6 32. Kf2 e4 33. g4 g5 34. Ra4 Re6 35. Rd4 Kg7 36. Ke2 Re5 37. Kd2 Rxb5 38. Rxe4 Rb2+ 39. Kd3 Rxg2 40. Rb4 f6 41. Kc3 Kg6 42. Kd3 Rg1 43. Ke2 Kf7 44. Kf3 Rd1 45. Rxb6 Rd7 46. Ra6 Re7 47. Rb6 Kg7 48. Ra6 Re5 49. e4 Rb5 50. Rc6 Rb3+ 51. Kf2 Rd3 52. Ra6 Kf7 53. Ra7+ Ke6 54. Rh7 Ke5 55. Rxh6 Rd6 56. Ke3 Ra6 57. Rg6 Ra4 58. Kf3 Rb4 59. Rh6 Rb3+ 60. Kf2 Rb2+ 61. Kf3 Rb1 62. Kf2 Rd1 63. Rg6 Rh1 64. Kg2 Rh4 65. Kg3 Rh8 66. Kf3 Rb8 67. Rh6 Rb3+ 68. Kf2 Rb2+ 69. Kf3 Ra2 70. Rg6 Ra4 71. Rh6 Ra1 72. Rg6 Rf1+ 73. Kg2 Rf4 74. Kg3 Kxe4 75. Rg8 Rf3+ 76. Kg2 Kf4 0-1

[Event "Titled Tuesday intern op 21st Mar Early"]
[Site "Chess.com INT"]
[Date "2023.03.21"]
[Round "2"]
[White "Bluebaum, Matthias"]
[Black "Hernandez Gonzalez, William"]
[Result "1-0"]
[WhiteElo "2661"]
[BlackElo "2489"]
[PlyCount "53"]
[EventDate "2023.03.21"]
[EventType "swiss (blitz)"]
[EventRounds "11"]
[EventCountry "USA"]
[SourceTitle "EXT 2024"]
[Source "ChessBase"]
[SourceDate "2023.10.10"]
[SourceVersion "1"]
[SourceVersionDate "2023.10.10"]
[SourceQuality "1"]

1. d4 Nf6 2. c4 e6 3. Nc3 Bb4 4. e3 Bxc3+ 5. bxc3 c5 6. Bd3 Nc6 7. Ne2 d6 8. e4 e5 9. 0-0 b6 10. f4 Bg4 11. Qa4 Qd7 12. fxe5 Nxe5 13. Qxd7+ Nexd7 14. Ng3 0-0-0 15. Bf4 Nb8 16. h3 Bh5 17. Nf5 Ne8 18. e5 dxe5 19. Bxe5 f6 20. Bg3 Nc6 21. Be4 Na5 22. Rae1 Rd7 23. Bd5 Bg6 24. Be6 Kd8 25. Bxd7 Kxd7 26. Re7+ Kd8 27. Rxa7 1-0

[Event "Titled Tuesday intern op 21st Mar Early"]
[Site "Chess.com INT"]
[Date "2023.03.21"]
[Round "5"]
[White "Chigaev, Maksim"]
[Black "Hernandez Gonzalez, William"]
[Result "1-0"]
[WhiteElo "2632"]
[BlackElo "2489"]
[PlyCount "71"]
[EventDate "2023.03.21"]
[EventType "swiss (blitz)"]
[EventRounds "11"]
[EventCountry "USA"]
[SourceTitle "EXT 2024"]
[Source "ChessBase"]
[SourceDate "2023.10.10"]
[SourceVersion "1"]
[SourceVersionDate "2023.10.10"]
[SourceQuality "1"]

1. Nf3 Nf6 2. c4 c5 3. b3 g6 4. Bb2 Bg7 5. g3 b6 6. Bg2 Bb7 7. 0-0 0-0 8. d4 cxd4 9. Qxd4 d6 10. Nc3 Ne4 11. Qd3 Nxc3 12. Bxc3 Bxc3 13. Qxc3 Nd7 14. Rfd1 Nf6 15. Qe3 Kg7 16. Rac1 Qc7 17. Bh3 Qc6 18. Bg2 Qc7 19. Nd4 Bxg2 20. Kxg2 Rfd8 21. Nb5 Qd7 22. Qd4 Kg8 23. e4 Rac8 24. a4 Ng4 25. f3 Ne5 26. Nc3 Nc6 27. Qe3 Nb4 28. h4 h5 29. Rd2 Na6 30. Rcd1 Qe6 31. Nb5 Ra8 32. Nd4 Qc8 33. Qg5 Nc5 34. Qxe7 Qa6 35. Qf6 Qa5 36. Nc6 1-0

[Event "Titled Tuesday intern op 21st Mar Early"]
[Site "Chess.com INT"]
[Date "2023.03.21"]
[Round "9"]
[White "Hernandez Gonzalez, William"]
[Black "Petukhov, Dmitry"]
[Result "1/2-1/2"]
[WhiteElo "2489"]
[BlackElo "2350"]
[PlyCount "223"]
[EventDate "2023.03.21"]
[EventType "swiss (blitz)"]
[EventRounds "11"]
[EventCountry "USA"]
[SourceTitle "EXT 2024"]
[Source "ChessBase"]
[SourceDate "2023.10.10"]
[SourceVersion "1"]
[SourceVersionDate "2023.10.10"]
[SourceQuality "1"]

1. e4 c5 2. Nf3 d6 3. d4 cxd4 4. Nxd4 Nf6 5. Nc3 Nc6 6. Bg5 Bd7 7. Qd2 Rc8 8. f3 Nxd4 9. Qxd4 Qa5 10. Be3 a6 11. Bc4 g6 12. Bb3 Bg7 13. 0-0 0-0 14. Qd2 Qc7 15. Kh1 b5 16. Bd4 b4 17. Nd5 Nxd5 18. Bxg7 Kxg7 19. Qxd5 Kg8 20. Qd2 a5 21. a4 Qc5 22. f4 Be6 23. f5 Bxb3 24. cxb3 Qc2 25. Qg5 Qxe4 26. Rae1 Qd4 27. Rxe7 Rc5 28. h3 Qxb2 29. Qg3 Qf6 30. Rd7 Rxf5 31. Rxf5 Qxf5 32. Rxd6 Re8 33. Kh2 Kg7 34. Rb6 Qe5 35. Rb5 Qxg3+ 36. Kxg3 Re3+ 37. Kf4 Rxb3 38. Rxa5 h5 39. Rb5 f6 40. Ke4 Rg3 41. Rxb4 Rxg2 42. Kd5 Rg3 43. h4 g5 44. a5 Ra3 45. Rb5 g4 46. Ke4 Kg6 47. Kf4 g3 48. Rb2 Rxa5 49. Kxg3 Ra3+ 50. Kh2 Re3 51. Rg2+ Kf5 52. Rf2+ Ke5 53. Ra2 Kf4 54. Rf2+ Rf3 55. Rg2 Kf5 56. Rg8 Rf4 57. Kh3 Rf1 58. Rg7 Rh1+ 59. Kg2 Rxh4 60. Kf3 Rh3+ 61. Kf2 Ra3 62. Rb7 Kg5 63. Rg7+ Kh4 64. Rf7 Ra6 65. Rg7 f5 66. Rg8 Ra4 67. Kf3 Rg4 68. Rf8 Kg5 69. Rg8+ Kf6 70. Rf8+ Kg6 71. Rg8+ Kf7 72. Rb8 h4 73. Rb6 Kg7 74. Rc6 h3 75. Rc2 Kg6 76. Rh2 Rh4 77. Kg3 Rg4+ 78. Kxh3 Kg5 79. Rf2 Kf6 80. Ra2 Ke5 81. Ra3 Rg8 82. Ra5+ Kf4 83. Ra4+ Kf3 84. Ra3+ Ke4 85. Ra4+ Ke5 86. Ra5+ Kf4 87. Ra4+ Kg5 88. Kg3 Rc8 89. Ra3 Rc4 90. Kf3 Rh4 91. Ra8 Rh3+ 92. Kg2 Rb3 93. Ra4 f4 94. Kf2 Rb2+ 95. Kf3 Rb3+ 96. Kf2 Kg4 97. Ra2 Rh3 98. Kg2 f3+ 99. Kg1 Rh5 100. Ra8 Re5 101. Rg8+ Kf4 102. Kf2 Re2+ 103. Kf1 Rh2 104. Rf8+ Ke4 105. Re8+ Kd3 106. Rd8+ Ke3 107. Re8+ Kf4 108. Rf8+ Ke4 109. Re8+ Kd4 110. Rd8+ Ke3 111. Re8+ Kf4 112. Rf8+ 1/2-1/2

[Event "Titled Tuesday intern op 21st Mar Early"]
[Site "Chess.com INT"]
[Date "2023.03.21"]
[Round "1"]
[White "Lopez del Alamo, Antonio"]
[Black "Hernandez Gonzalez, William"]
[Result "0-1"]
[WhiteElo "2279"]
[BlackElo "2489"]
[PlyCount "72"]
[EventDate "2023.03.21"]
[EventType "swiss (blitz)"]
[EventRounds "11"]
[EventCountry "USA"]
[SourceTitle "EXT 2024"]
[Source "ChessBase"]
[SourceDate "2023.10.10"]
[SourceVersion "1"]
[SourceVersionDate "2023.10.10"]
[SourceQuality "1"]

1. e4 c5 2. Nf3 d6 3. d4 cxd4 4. Nxd4 Nf6 5. Nc3 g6 6. Be2 a6 7. 0-0 Bg7 8. Bg5 0-0 9. Kh1 Nbd7 10. f4 Re8 11. Bf3 Qc7 12. Nd5 Nxd5 13. exd5 Nb6 14. c3 Nc4 15. Qe2 b5 16. Rac1 Bb7 17. b3 Nb6 18. Nc6 Nxd5 19. c4 Nc3 20. Rxc3 Bxc3 21. Nxe7+ Kf8 22. Bh6+ Bg7 23. Bxg7+ Kxg7 24. Qb2+ f6 25. Bxb7 Qxb7 26. Nd5 Qf7 27. f5 g5 28. h3 bxc4 29. bxc4 Re4 30. Qb6 Rxc4 31. Rd1 Rac8 32. Qxd6 Rc1 33. Rxc1 Rxc1+ 34. Kh2 Rd1 35. Qxa6 Rxd5 36. a4 Qc7+ 0-1

[Event "Titled Tuesday intern op 7th Mar Early"]
[Site "Chess.com INT"]
[Date "2023.03.07"]
[Round "3"]
[White "Hernandez Gonzalez, William"]
[Black "Mayaud, Raphael"]
[Result "1-0"]
[WhiteElo "2489"]
[BlackElo "2199"]
[PlyCount "39"]
[EventDate "2023.03.07"]
[EventType "swiss (blitz)"]
[EventRounds "11"]
[EventCountry "USA"]
[SourceTitle "EXT 2024"]
[Source "ChessBase"]
[SourceDate "2023.10.10"]
[SourceVersion "1"]
[SourceVersionDate "2023.10.10"]
[SourceQuality "1"]

1. e4 d5 2. exd5 Qxd5 3. Nf3 Bg4 4. Be2 Nc6 5. 0-0 0-0-0 6. b3 e5 7. Bb2 e4 8. Nc3 exf3 9. gxf3 Qg5 10. fxg4 h5 11. Ne4 Qf4 12. f3 hxg4 13. Ng3 Bc5+ 14. Kg2 Nf6 15. fxg4 Rxh2+ 16. Kxh2 Rh8+ 17. Kg2 Qg5 18. Rf5 Qh4 19. Qh1 Nxg4 20. Bxg4 1-0